L'Anno Santo 1925 : (Record n. 27198)
[ formato base ]
| 000 -LEADER | |
|---|---|
| fixed length control field | 00776nam a2200229 i 4500 |
| 003 - CONTROL NUMBER IDENTIFIER | |
| control field | IT-RoINE |
| 005 - DATE AND TIME OF LATEST TRANSACTION | |
| control field | 20181024055634.0 |
| 008 - FIXED-LENGTH DATA ELEMENTS--GENERAL INFORMATION | |
| fixed length control field | 090512s1924 it |||||r |||||||ita d |
| 040 ## - CATALOGING SOURCE | |
| Transcribing agency | IT-RoINE |
| Modifying agency | IT-RoINE |
| 041 #7 - LANGUAGE CODE | |
| Language code of text/sound track or separate title | ita |
| Source of code | ISO-639-2 |
| 100 1# - MAIN ENTRY--PERSONAL NAME | |
| Personal name | Gatta, Clemente M. Giuseppe |
| 9 (RLIN) | 53673 |
| 245 12 - TITLE STATEMENT | |
| Title | L'Anno Santo 1925 : |
| Remainder of title | manuale storico-dogmatico sulle sante indulgenze e modo pratico per l'acquisto del Santo Giubileo / |
| Statement of responsibility, etc | padre don Clemente M. Gatta. |
| 246 13 - VARYING FORM OF TITLE | |
| Title proper/short title | L'Anno Santo millenovecentoventicinque |
| 250 ## - EDITION STATEMENT | |
| Edition statement | 2ª ed. |
| 260 ## - PUBLICATION, DISTRIBUTION, ETC. (IMPRINT) | |
| Place of publication, distribution, etc | Torino ; |
| -- | Roma : |
| Name of publisher, distributor, etc | Marietti, |
| Date of publication, distribution, etc | 1924. |
| 300 ## - PHYSICAL DESCRIPTION | |
| Extent | XXIV, 160 p. ; |
| Dimensions | 18 cm. |
| 336 ## - CONTENT TYPE | |
| Source | rdacontent |
| Content type term | text |
| 337 ## - MEDIA TYPE | |
| Source | rdamedia |
| Media type term | unmediated |
| 338 ## - CARRIER TYPE | |
| Source | rdacarrier |
| Carrier type term | volume |
| 650 #4 - SUBJECT ADDED ENTRY--TOPICAL TERM | |
| 9 (RLIN) | 52248 |
| Topical term or geographic name as entry element | Año santo, 1925 |
| 942 ## - ADDED ENTRY ELEMENTS (KOHA) | |
| Item type | Monografías |
| Withdrawn status | Lost status | Damaged status | Not for loan | Home library | Current library | Date acquired | Total Checkouts | Full call number | Barcode | Date last seen | Price effective from | Koha item type |
|---|---|---|---|---|---|---|---|---|---|---|---|---|
| Iglesia Nacional Española en Roma | Iglesia Nacional Española en Roma | 24/10/2018 | HIS.ECL 217 | 52901 | 24/10/2018 | 24/10/2018 | Monografías |